000 00315nam a2200133Ia 4500
100 _aIndian Oxygen
942 _cBK
654 _aElectric Arc Welders
245 _aInstruction Book For Electric Arc Welders
260 _bIndian Oxygen Ltd
_aCalcutta
_c1970
082 _a671.5
300 _a83
546 _aENGLISH
999 _c28309
_d28309